[Event "Pan American-ch U14 24th"]
[Site "Pocos de Caldas"]
[Date "2013.07.27"]
[Round "3.5"]
[White "Tello Chavez, Isaac Valentino"]
[Black "Cao, Alvin"]
[Result "1-0"]
[WhiteElo "1777"]
[BlackElo "1973"]
[PlyCount "73"]
[EventDate "2013.07.25"]
[EventType "swiss"]
[EventRounds "9"]
[EventCountry "BRA"]
[SourceTitle "EXT 2016"]
[Source "ChessBase"]
[SourceDate "2015.10.08"]
[SourceVersion "1"]
[SourceVersionDate "2015.10.08"]
[SourceQuality "1"]

1. d4 Nf6 2. Nf3 g6 3. Bf4 Bg7 4. e3 0-0 5. h3 c5 6. c3 cxd4 7. exd4 d6 8. Bd3 b6 9. 0-0 Ba6 10. Bxa6 Nxa6 11. Nbd2 Nc7 12. a4 Ne6 13. Bg3 Rc8 14. Ne1 Qd7 15. f4 Nd5 16. Qe2 Qc7 17. Ra3 Rfe8 18. f5 Nd8 19. Ne4 Qc4 20. Nd3 Nb7 21. fxg6 hxg6 22. Qf3 Nf6 23. Nxf6+ Bxf6 24. Nf4 Nd8 25. h4 Bxh4 26. Qg4 Bf6 27. Nxg6 fxg6 28. Qxg6+ Kf8 29. Rxf6+ exf6 30. Bxd6+ Re7 31. Qxf6+ Qf7 32. Bxe7+ Ke8 33. Bxd8 Rxd8 34. Qxf7+ Kxf7 35. a5 b5 36. a6 b4 37. Rb3 1-0

[Event "Arlington DC op 1st"]
[Site "Arlington"]
[Date "2013.06.30"]
[Round "8"]
[White "Sakai, Hibiki"]
[Black "Cao, Alvin"]
[Result "1-0"]
[WhiteElo "2083"]
[BlackElo "1973"]
[PlyCount "63"]
[EventDate "2013.06.27"]
[EventType "swiss"]
[EventRounds "9"]
[EventCountry "USA"]
[SourceTitle "CBM 155 Extra"]
[Source "ChessBase"]
[SourceDate "2013.08.26"]
[SourceVersion "1"]
[SourceVersionDate "2013.08.26"]
[SourceQuality "1"]

1. e4 c6 2. d4 d5 3. e5 Bf5 4. Nc3 e6 5. g4 Bg6 6. Nge2 h6 7. Be3 Nd7 8. Bg2 Ne7 9. 0-0 c5 10. f4 Nc6 11. f5 Bh7 12. fxe6 fxe6 13. Nf4 cxd4 14. Nxe6 Qa5 15. Nxd5 Rc8 16. Bd2 Qa4 17. b3 Qa3 18. Ndc7+ Ke7 19. Bxc6 bxc6 20. Qe1 c5 21. Qh4+ g5 22. Bxg5+ hxg5 23. Qxg5+ Nf6 24. Qxf6+ Kd7 25. Qxh8 Be4 26. Rxf8 Qb2 27. Rxc8 Qxa1+ 28. Kf2 Bg6 29. Qd8+ Kc6 30. Qd5+ Kb6 31. Rb8+ Ka5 32. Qxc5# 1-0